Очерки и рассказы. Кн. 1: В дурном обществе | Сон Макара | Лес шумит | В ночь под светлый праздник | В подследственном отделении | Старый звонарь | Очерки сибирского туриста | Соколинец (Запись № 7644312)

Подробности
000 -МАРКЕР
контрольное поле 01151nam2a22002291 4500
001 - ИДЕНТИФИКАТОР ЗАПИСИ
контрольное поле v19\rc\2048502
005 - ИДЕНТИФИКАТОР ВЕРСИИ
контрольное поле 20250620021641.0
035 ## - ДРУГИЕ СИСТЕМНЫЕ НОМЕРА
Идентификатор записи (NLR Aleph) 005127337
100 ## - ДАННЫЕ ОБЩЕЙ ОБРАБОТКИ
Данные общей обработки 20081111d1906 |||y0rusy50 ca
101 0# - ЯЗЫК РЕСУРСА
Язык текста, звукозаписи и т.д. русский
102 ## - СТРАНА ПУБЛИКАЦИИ ИЛИ ПРОИЗВОДСТВА
Страна публикации Российская Федерация
105 ## - ПОЛЕ КОДИРОВАННЫХ ДАННЫХ: ТЕКСТОВЫЕ МАТЕРИАЛЫ, МОНОГРАФИЧЕСКИЕ
Кодированные данные о монографическом текстовом документе y z |||c|
200 1# - ЗАГЛАВИЕ И СВЕДЕНИЯ ОБ ОТВЕТСТВЕННОСТИ
Основное заглавие В дурном обществе
-- Сон Макара
-- Лес шумит
-- В ночь под светлый праздник
-- В подследственном отделении
-- Старый звонарь
-- Очерки сибирского туриста
-- Соколинец
210 ## - ПУБЛИКАЦИЯ, РАСПРОСТРАНЕНИЕ И ДР.
Дата издания, распространения и т.д. 1906
Место издания, распространения и т.д. Б. м.
215 ## - ФИЗИЧЕСКАЯ ХАРАКТЕРИСТИКА
Специфическое обозначение материала и объем 404 с.
461 #0 - УРОВЕНЬ НАБОРА
Встроенное поле 001v19\rc\2048501
-- 2001#$aОчерки и рассказы$vКн. 1
-- 700#1$3RU\NLR\AUTH\7717433$7ca$aКороленко$bВ. Г.$f1853-1921$gВладимир Галактионович
Системный номер (АБИС) связанной записи 6036472
Автор Короленко, В. Г. (1853-1921)
Место публикации Санкт-Петербург
Дата публикации 1906
Имя издателя, распространителя и т.д. ред. журн. "Русское богатство"
Заглавие Очерки и рассказы
Номер тома Кн. 1
801 #0 - ИСТОЧНИК ЗАПИСИ
Страна Российская Федерация
Организация NLR
Правила каталогизации psbo
801 #1 - ИСТОЧНИК ЗАПИСИ
Страна Российская Федерация
Организация ProSoft-M
Источник данных rusmarc
852 ## - МЕСТОНАХОЖДЕНИЕ И ШИФР ХРАНЕНИЯ
Идентификатор организации NLR
Шифр хранения (Call Number) 129/2843
942 ## - ДОПОЛНИТЕЛЬНЫЕ ЭЛЕМЕНТЫ ЗАПИСИ (АБИС)
Тип экземпляра АБИС Книга
980 ## - КОЛЛЕКЦИЯ
Название коллекции Национальная библиография
Экземпляры
Тип экземпляра Дата поступления Библиотека постоянного хранения Библиотека текущего хранения Место хранения Шифр хранения Штрих-код Статус экземпляра
Книга 26.10.2013 РНБ (Садовая) РНБ (Садовая) Русский книжный фонд -Главное здание, Ленинский читальный зал 129/2843 5127337-10